<?xml version="1.0" encoding="UTF-8"?><?xml-stylesheet type="text/xsl" href="static/style.xsl"?><OAI-PMH xmlns="http://www.openarchives.org/OAI/2.0/" xmlns:xsi="http://www.w3.org/2001/XMLSchema-instance" xsi:schemaLocation="http://www.openarchives.org/OAI/2.0/ http://www.openarchives.org/OAI/2.0/OAI-PMH.xsd"><responseDate>2026-06-05T15:48:25Z</responseDate><request verb="GetRecord" identifier="oai:riuma.uma.es:10630/18442" metadataPrefix="marc">https://riuma.uma.es/rest/oai/request</request><GetRecord><record><header><identifier>oai:riuma.uma.es:10630/18442</identifier><datestamp>2026-02-03T12:12:11Z</datestamp><setSpec>com_10630_2254</setSpec><setSpec>col_10630_37959</setSpec></header><metadata><record xmlns="http://www.loc.gov/MARC21/slim" xmlns:dcterms="http://purl.org/dc/terms/" xmlns:doc="http://www.lyncode.com/xoai" xmlns:xsi="http://www.w3.org/2001/XMLSchema-instance" xsi:schemaLocation="http://www.loc.gov/MARC21/slim http://www.loc.gov/standards/marcxml/schema/MARC21slim.xsd">
   <leader>00925njm 22002777a 4500</leader>
   <datafield ind2=" " ind1=" " tag="042">
      <subfield code="a">dc</subfield>
   </datafield>
   <datafield ind2=" " ind1=" " tag="720">
      <subfield code="a">Camas-Peña, Daniel</subfield>
      <subfield code="e">author</subfield>
   </datafield>
   <datafield ind2=" " ind1=" " tag="720">
      <subfield code="a">Antunes, Fernando Ventura</subfield>
      <subfield code="e">author</subfield>
   </datafield>
   <datafield ind2=" " ind1=" " tag="720">
      <subfield code="a">Moreno-Morales, María Belén</subfield>
      <subfield code="e">author</subfield>
   </datafield>
   <datafield ind2=" " ind1=" " tag="720">
      <subfield code="a">González-Herrera, Antonio</subfield>
      <subfield code="e">author</subfield>
   </datafield>
   <datafield ind2=" " ind1=" " tag="260">
      <subfield code="c">2019-09-24</subfield>
   </datafield>
   <datafield ind2=" " ind1=" " tag="520">
      <subfield code="a">Plasticity induced crack closure is considered the main mechanism related to the premature contact of the crack flanks when a crack grows under cyclic loadings. This phenomenon has been studied numerically since the early 70s, when some researchers approached to metal fatigue problems by means of the finite element analysis. The numerical analysis requires the development of a plastic wake. How this plastic wake is developed has influence on the crack closure results and a great impact on the computational cost. When running a finite element analysis, it is not possible to consider all the loading cycles involved in an experimental test. The numerical effort is not acceptable. Therefore, in this work, the crack growth scheme is analyzed. In particular, the influence of the number of loading cycles after releasing the last set of nodes on plasticity induced crack closure results is studied. A CT aluminum specimen has been modelled three-dimensionally and several simulations have been run to evaluate the influence of the loading cycles after releasing the last set of nodes. The numerical analysis is made in terms of crack closure and opening values.</subfield>
   </datafield>
   <datafield ind1="8" ind2=" " tag="024">
      <subfield code="a">https://hdl.handle.net/10630/18442</subfield>
   </datafield>
   <datafield tag="653" ind2=" " ind1=" ">
      <subfield code="a">Mecánica de fractura</subfield>
   </datafield>
   <datafield tag="653" ind2=" " ind1=" ">
      <subfield code="a">Análisis numérico</subfield>
   </datafield>
   <datafield tag="653" ind2=" " ind1=" ">
      <subfield code="a">Método de elementos finitos</subfield>
   </datafield>
   <datafield ind2="0" ind1="0" tag="245">
      <subfield code="a">Numerical analysis of the influence of the last cycle scheme on plasticity induced crack closure</subfield>
   </datafield>
</record>
</metadata></record></GetRecord></OAI-PMH>